| 000 | 00534nam a2200169Ia 4500 | ||
|---|---|---|---|
| 008 | 240729s9999 xx 000 0 und d | ||
| 022 | _a2232-6979 | ||
| 245 | 0 | _aInformacije MIDEM | |
| 260 | _aSlovenia | ||
| 260 | _bMIDEM Society - Society for Microelectronics, Electronic Components and Materials | ||
| 650 | _a Electrical engineering. Electronics. Nuclear engineering | ||
| 650 | _a Electronics | ||
| 650 | _aTechnology | ||
| 856 | _uhttps://doaj.org/toc/885163149f3445b08d1b3ece3e271474 | ||
| 942 | _2ddc | ||
| 942 | _cDOAJEJ | ||
| 999 |
_c72919 _d72919 |
||
| 945 |
_a1 _bMadushi Gamage _c1 _dMadushi Gamage |
||